| 000 | 00350nam a2200133Ia 4500 | ||
|---|---|---|---|
| 008 | 240624s9999 xx 000 0 und d | ||
| 041 | _aeng | ||
| 082 | _a320.12 SMI | ||
| 100 | _aSMITH DAVID | ||
| 245 | _aDRAGON AND THE ELEPHANT CHINA INDIA AND | ||
| 260 |
_c2007 _aNew Delhi _bProfile Books Ltd. |
||
| 300 | _a266 : p. : cm. ; 23 | ||
| 365 |
_cRS _b33 |
||
| 999 |
_c10804 _d10804 |
||